<A> lakossági pénzmegtakarítások 1990-1991 évi alakulásáról.
Zmeny oproti predchádzajúcemu obdobiu v príčinách tvorby úspor obyvateľstva, ich štruktúre a v cieľoch v Maďarsku r. 1990/91. Faktory, ktoré ovplyvňovali tvorbu úspor (diferenciácia príjmov, reštitúcie, dočasná akumulácia peňazí na privatizáciu). Rast ukladania úspor do cenných papierov a devíz. Dif...
Enregistré dans:
| Auteur principal: | |
|---|---|
| Format: | Chapitre de livre |
| Langue: | hongrois |
| Sujets: | |
| Tags: |
Pas de tags, Soyez le premier à ajouter un tag!
|
MARC
| LEADER | 00000naa a2200000 4500 | ||
|---|---|---|---|
| 001 | r007496 | ||
| 005 | 20221125114022.1 | ||
| 041 | 0 | |a hun | |
| 044 | |a HU | ||
| 245 | 1 | 0 | |a <A> lakossági pénzmegtakarítások 1990-1991 évi alakulásáról. |c J. Keller |
| 520 | |a Zmeny oproti predchádzajúcemu obdobiu v príčinách tvorby úspor obyvateľstva, ich štruktúre a v cieľoch v Maďarsku r. 1990/91. Faktory, ktoré ovplyvňovali tvorbu úspor (diferenciácia príjmov, reštitúcie, dočasná akumulácia peňazí na privatizáciu). Rast ukladania úspor do cenných papierov a devíz. Diferenciácia cieľov úspor u rodín s malými a veľkými príjmami (podnikanie, rezerva na prežitie výkyvov). | ||
| 610 | 2 | 0 | |a úspory obyvateľstva |
| 610 | 2 | 0 | |a MR |
| 610 | 2 | 0 | |a 1990-1991 |
| 610 | 2 | 0 | |a príjmy obyvateľstva |
| 610 | 2 | 0 | |a privatizácia |
| 610 | 2 | 0 | |a papiere cenné |
| 610 | 2 | 0 | |a devízy |
| 100 | 1 | |a Keller, J. | |